000 00690nam a2200217 i 4500
001 bgj
245 1 0 _aEuropäisches Hochmittelalter :
_bSonderdruck Deutsche Lyrik von Wolfgang Haubrichs /
_chrsg. von Henning Krauss.
246 1 0 _aDeutsche Lyrik
260 _aWiesbaden :
_bAkademische Verlagsgesellschaft Athenaion.
300 _a120, [1] s. :
_bil. ;
_c24 cm.
490 1 _aNeues Handbuch der Literatur Wissenschaft
650 9 _aLiteratura
700 0 _aKRAUSS, Hennig.
700 0 _aHAUBRICHS, Wolfgang.
830 _aNeues Handbuch der Literatur Wissenschaft
040 _cBPK
041 _ager
080 _a82
942 _cKS
008 s gw f |000 0 ger
999 _c50416
_d50416
856 _uhttp://koha.tu.koszalin.pl/cgi-bin/koha/opac-detail.pl?biblionumber=50416
_yKatalog online BPK